Prueba n.º 1 del equipo de fútbol africano - Estadísticas

Estadísticas generales
  • Esta prueba ha sido intentada 15 veces
  • La puntuación promedio es 11 de 22
Estadísticas de respuestas
Imagen Hint Respuesta % Correcto
Pirates
93%
Sundowns
86%
Mazembe
71%
Ahly
64%
AmaZulu
64%
Lunda Sul
64%
Maquis
64%
Petro
64%
Polokwane City
64%
SuperSport United
64%
African Stars
57%
Arrows
57%
Pyramids
57%
Gallants
50%
Modern
50%
Aviadores
43%
Wiliete
36%
Isaac
29%
Cape Town City
14%
Gaish
7%
Huíla
7%
Atlético Tetouan
0%
No se encontraron pruebas coincidentes
Distribución de puntuación
Porcentaje de gente con cada puntuación
Porcentaje por número respondido
Historial de tus puntuaciones
No has intentado esta prueba.